Beliebteste Obstsorten in Deutschland - Statistiken

Allgemein
  • Dieses Quiz wurde 170 mal gespielt
  • Das Durchschnittsergebnis liegt bei 8 aus 10
Antwortstatistiken
% Obst % Korrekt
79% Äpfel
100%
78% Bananen
94%
57% Birnen
94%
77% Erdbeeren
90%
61% Orangen
85%
55% Himbeeren
82%
71% Weintrauben
72%
59% Melonen
65%
61% Pfirsiche
61%
57% Ananas
55%
Keine übereinstimmenden Quizze gefunden
Verteilung der Resultate
Anzahl Personen mit jedem Resultat
Perzentil nach korrekt beantworteten Fragen
Ihre Resultats-Entwicklung
Sie haben dieses Quiz noch nicht gespielt